Test de Rapidité - Lettre "E" - Statistiques

Statistiques générales
  • Ce quiz a été pris 1 280 fois
  • Le résultat moyen est 93 sur 100
Statistiques - réponses
Lettre "E" % Correct
E
100%
E
100%
E
100%
E
100%
E
100%
E
100%
E
100%
E
100%
E
100%
E
99%
E
99%
E
99%
E
99%
E
99%
E
99%
E
99%
E
99%
E
99%
E
99%
E
99%
E
99%
E
99%
E
99%
E
99%
E
99%
E
99%
E
99%
E
99%
E
98%
E
98%
E
98%
E
98%
E
98%
E
98%
E
98%
E
98%
E
98%
E
98%
E
98%
E
98%
E
97%
E
97%
E
97%
E
97%
E
97%
E
97%
E
97%
E
97%
E
97%
E
97%
E
97%
E
97%
E
96%
E
96%
E
96%
E
96%
E
96%
E
95%
E
95%
E
95%
E
95%
E
95%
E
95%
E
95%
E
95%
E
94%
E
94%
E
94%
E
94%
E
94%
E
93%
E
93%
E
93%
E
92%
E
92%
E
91%
E
91%
E
90%
E
90%
E
89%
E
88%
E
87%
E
87%
E
87%
E
86%
E
84%
E
83%
E
82%
E
82%
E
80%
E
79%
E
79%
E
78%
E
77%
E
77%
E
75%
E
74%
E
72%
E
72%
E
71%
Aucun quiz correspondant
Distribution des résultats
% des personnes avec chaque résultat
Percentile par nombre de réponses
Votre historique - résultats
Vous n’avez pas pris ce quiz